000 00870nam a2200253Ia 4500
003 OSt
005 20221005113025.0
006 a|||||r|||| 00| 0
007 ta
008 221004b |||||||| |||| 00| 0 pan d
020 _a8171165494 (hbk)
_c350
024 _a105164
037 _b7830/IV/A, 31/01/2011, Arsee Publishers
_cTextual
040 _aCRL
_cCRL
_bpan
041 _2pan
_apan
082 _aQ8441:21:g, 153Q0
100 _aਉੱਪਲ, ਸਵਿੰਦਰ ਸਿੰਘ
245 0 _aਗੁਰੂ ਕ੍ਰਿਪਾ
260 _aਦਿੱਲੀ
_bਨੈਨਲ ਬੁੱਕ ਾਪ ਭਾਰਤ
_c2010
300 _a264ਪੰ
_ccm.
650 _aਧOਰੁ Fਸੱਢ
942 _hQ8441:21:g, 153Q0
_cTEXL
_2cc
999 _c1026801
_d1026801